[Event "104th ch-GBR 2017"]
[Site "Llandudno WLS"]
[Date "2017.07.29"]
[Round "1.45"]
[White "Horton, Jamie A"]
[Black "Shepherd, Katherine M"]
[Result "1-0"]
[WhiteElo "2178"]
[BlackElo "1929"]
[WhiteFideId "421472"]
[BlackFideId "412031"]
[EventDate "2017.07.29"]

1. d4 d5 2. Bf4 Nf6 3. e3 Bf5 4. c4 c6 5. Nc3 e6 6. Qb3 Qc8 7. Rc1 a6 8. Nf3
Nbd7 9. h3 h6 10. Be2 Be7 11. O-O O-O 12. Bh2 Ne4 13. cxd5 Nxc3 14. bxc3 exd5
15. c4 dxc4 16. Bxc4 b5 17. Bd5 c5 18. e4 Bh7 19. Bxa8 c4 20. Bb7 Qxb7 21. Rxc4
Qxe4 22. Rc7 Qf5 23. g4 Qe6 24. Qxe6 fxe6 25. Rxd7 Rxf3 26. Rxe7 Rxh3 27. f3 h5
28. g5 Bf5 29. Be5 g6 30. Rc1 Bc2 31. Rxc2 Rxf3 32. Rc8+ Rf8 33. Rg7+ Kh8 34.
Rxf8# 1-0

[Event "104th ch-GBR 2017"]
[Site "Llandudno WLS"]
[Date "2017.07.29"]
[Round "1.46"]
[White "Fathallah, Joe"]
[Black "Kalavannan, Koby"]
[Result "1-0"]
[WhiteElo "1919"]
[BlackElo "2175"]
[WhiteFideId "1801899"]
[BlackFideId "425753"]
[EventDate "2017.07.29"]

1. d4 Nf6 2. c4 g6 3. Nc3 Bg7 4. e4 d6 5. f3 O-O 6. Be3 Nc6 7. Nge2 a6 8. Qd2
Na5 9. Nc1 Nd7 10. Be2 c5 11. d5 b5 12. cxb5 axb5 13. Bxb5 Nb6 14. Qe2 e6 15.
dxe6 Bxe6 16. O-O Nbc4 17. Bf2 Rb8 18. a4 Qf6 19. Rd1 Rfd8 20. Rb1 h5 21. N1a2
Nb6 22. b4 Nb3 23. Bc6 Nd4 24. Bxd4 cxd4 25. Nd5 Nxd5 26. exd5 Bf5 27. a5 Bxb1
28. Rxb1 d3 29. Qxd3 Qf4 30. b5 Qa4 31. Qd2 Bh6 32. b6 Bxd2 33. Bxa4 Ra8 34. b7
Rxa5 35. b8=Q Rxb8 36. Rxb8+ Kg7 37. Bb3 Be3+ 38. Kf1 Bc5 39. Ke2 f5 40. Kd3 Kf6
41. Re8 Kg5 42. Re6 h4 43. h3 Ra7 44. Nc3 Rg7 45. Ba4 Kf4 46. Ne2+ Kg5 47. Be8 1-0

[Event "104th ch-GBR 2017"]
[Site "Llandudno WLS"]
[Date "2017.07.29"]
[Round "1.47"]
[White "Jones, Steven A"]
[Black "Modi, Shyam Jagdish"]
[Result "1-0"]
[WhiteElo "2171"]
[BlackElo "1908"]
[WhiteFideId "419630"]
[BlackFideId "446025"]
[EventDate "2017.07.29"]

1. Nf3 Nf6 2. d4 g6 3. c4 Bg7 4. Nc3 O-O 5. Bg5 d6 6. e3 c6 7. Be2 a6 8. Qc2 b5
9. a3 bxc4 10. Bxc4 Bf5 11. Qe2 d5 12. Bd3 Ne4 13. Bxe4 Bxe4 14. Nxe4 dxe4 15.
Nd2 h6 16. Bf4 f5 17. Rc1 Qd5 18. Rc5 Qa2 19. Qc4+ Qxc4 20. Nxc4 g5 21. Bxb8
Raxb8 22. Ke2 Rf6 23. b4 Rb5 24. Rb1 f4 25. a4 Rb8 26. Nd2 f3+ 27. gxf3 exf3+
28. Kf1 g4 29. Nc4 Rg6 30. Ra5 Rf8 31. Rxa6 h5 32. b5 Rb8 33. b6 h4 34. b7 g3
35. fxg3 hxg3 36. hxg3 Rf6 37. Ra8 Rff8 38. Rxb8 Rxb8 39. a5 e6 40. a6 1-0

[Event "104th ch-GBR 2017"]
[Site "Llandudno WLS"]
[Date "2017.07.29"]
[Round "1.48"]
[White "Munshi, Aditya"]
[Black "Gaudeau, Valentin"]
[Result "1-0"]
[WhiteElo "1901"]
[BlackElo "2170"]
[WhiteFideId "436720"]
[BlackFideId "662216"]
[EventDate "2017.07.29"]

1. e4 c5 2. Nf3 Nc6 3. Bb5 Nf6 4. Bxc6 dxc6 5. e5 Nd5 6. Nc3 Bf5 7. d3 h6 8. Nh4
Be6 9. Ne4 g5 10. Nf3 b6 11. h3 Bg7 12. Ng3 Rg8 13. Nh5 Bh8 14. Qe2 Qd7 15. Bd2
O-O-O 16. a4 Kb8 17. a5 Nc7 18. O-O-O Nb5 19. c4 Nd4 20. Nxd4 cxd4 21. axb6 axb6
22. b3 Qc7 23. Rhe1 Bf5 24. Kc2 Kb7 25. Ra1 Ra8 26. f4 g4 27. Ng3 Rxa1 28. Rxa1
Qd7 29. h4 f6 30. e6 Bxe6 31. Re1 Bf7 32. Qxe7 Rd8 33. Nf5 Bg6 34. Qxd7+ Rxd7
35. Ng3 h5 36. f5 Bf7 37. b4 Bg7 38. Ne4 Bf8 39. Nxf6 Re7 40. Ne4 Re8 41. Ng5
Rxe1 42. Bxe1 Be8 43. f6 Bh6 44. f7 Bd7 45. Bd2 Bf5 46. Ne4 Bf8 47. Nf6 Bg6 48.
Nd7 Bg7 49. f8=Q Bxf8 50. Nxf8 Bf5 51. Bg5 Kc7 52. c5 bxc5 53. bxc5 Kb7 54. Kb3
g3 55. Kc4 Bh3 56. Bf4 Bxg2 57. Bxg3 Bh3 58. Ng6 Ka6 59. Ne5 Be6+ 60. Kxd4 Kb5
61. Ng6 Bg4 62. Bd6 Be2 63. Nf4 Bg4 64. Ke5 Kb4 65. Kf6 Kc3 66. Kg5 Bf3 67. Nxh5
Kxd3 68. Nf4+ 1-0

[Event "104th ch-GBR 2017"]
[Site "Llandudno WLS"]
[Date "2017.07.29"]
[Round "1.49"]
[White "Taylor, Adam A"]
[Black "Jina, Taran"]
[Result "1/2-1/2"]
[WhiteElo "2165"]
[BlackElo "1777"]
[WhiteFideId "415790"]
[BlackFideId "426369"]
[EventDate "2017.07.29"]

1. Nf3 Nf6 2. g3 d5 3. Bg2 e6 4. O-O Be7 5. c4 O-O 6. d3 c5 7. Nc3 Nc6 8. e4 d4
9. Ne2 Nd7 10. Nf4 Rb8 11. h4 b5 12. cxb5 Rxb5 13. Nd2 Nde5 14. Nc4 Ba6 15. b3
Rb7 16. Bh3 Qb8 17. Ba3 Nd7 18. Ng2 Bb5 19. Rc1 a5 20. f4 Qa7 21. Rf2 a4 22.
bxa4 Qxa4 23. Qxa4 Bxa4 24. e5 Ra8 25. Bb2 Nb4 26. Ne1 Rab8 27. f5 exf5 28. Bxf5
Nxa2 29. Ra1 Bb3 30. Na5 Nxe5 31. Nxb7 Rxb7 32. Be4 Rb8 33. Bc1 Nxc1 34. Rxc1
Be6 35. Nf3 Ng4 36. Re2 g6 37. Ra1 Kg7 38. Ra7 Bd6 39. Ng5 Rb1+ 40. Kg2 Bb3 41.
Rb7 Ne3+ 42. Kh2 Nf1+ 43. Kg2 Ne3+ 1/2-1/2

[Event "104th ch-GBR 2017"]
[Site "Llandudno WLS"]
[Date "2017.07.29"]
[Round "1.50"]
[White "Howell, Oliver W"]
[Black "Abrahams, Daniel"]
[Result "0-1"]
[WhiteElo "1701"]
[BlackElo "2162"]
[WhiteFideId "435929"]
[BlackFideId "2606879"]
[EventDate "2017.07.29"]

1. Nf3 e6 2. c4 Nf6 3. g3 b6 4. Bg2 Bb7 5. O-O c5 6. Nc3 Be7 7. b3 O-O 8. Bb2 d5
9. cxd5 Nxd5 10. Nxd5 Bxd5 11. Qc2 Nc6 12. Bc3 Rc8 13. Qb2 f6 14. d4 Bxf3 15.
Bxf3 cxd4 16. Bxc6 dxc3 17. Qxc3 Qc7 18. Rac1 Bc5 19. b4 Qxc6 20. bxc5 Qxc5 21.
Qxc5 Rxc5 22. Rfd1 Rfc8 23. Rxc5 bxc5 24. Kf1 Rc7 25. Ke1 Kf7 26. Rd3 Ke7 27.
Kd2 Rd7 28. Rxd7+ Kxd7 29. Kd3 Kd6 30. Kc4 f5 31. h3 g5 32. g4 f4 33. e4 f3 34.
a4 Ke5 35. Kxc5 Kxe4 36. Kc4 e5 37. a5 Kf4 0-1

[Event "104th ch-GBR 2017"]
[Site "Llandudno WLS"]
[Date "2017.07.30"]
[Round "2.1"]
[White "Pritchett, Craig W"]
[Black "Howell, David W L"]
[Result "0-1"]
[WhiteTitle "IM"]
[BlackTitle "GM"]
[WhiteElo "2326"]
[BlackElo "2702"]
[WhiteFideId "2400065"]
[BlackFideId "410608"]
[EventDate "2017.07.29"]

1. Nf3 d5 2. c4 d4 3. b4 Bg4 4. Qb3 Nf6 5. Bb2 c5 6. Ne5 Bf5 7. e3 Nc6 8. Nxc6
bxc6 9. exd4 cxd4 10. Bd3 Bxd3 11. Qxd3 e5 12. O-O Bxb4 13. f4 e4 14. Qxd4 O-O
15. Qe3 Ng4 16. Qg3 f5 17. h3 Bc5+ 18. Kh1 Nf6 19. Be5 Nh5 20. Qc3 Qh4 21. Kh2
Rad8 22. g3 Qe7 23. d4 exd3 24. Nd2 Bb4 25. Qb2 Bxd2 26. Qxd2 Nf6 27. Bxf6 Rxf6
28. Rae1 Re6 29. Rxe6 Qxe6 30. c5 Qd5 31. Rc1 Re8 32. Re1 Re4 33. Re3 Qe6 34.
Rxe4 fxe4 35. Qa5 Qd7 36. Qb4 d2 37. Qb3+ Kf8 38. Qb8+ Kf7 39. Qb3+ Ke7 40. Qd1
e3 0-1

[Event "104th ch-GBR 2017"]
[Site "Llandudno WLS"]
[Date "2017.07.30"]
[Round "2.2"]
[White "Jones, Gawain C B"]
[Black "Longson, Alexander"]
[Result "1-0"]
[WhiteTitle "GM"]
[BlackTitle "FM"]
[WhiteElo "2660"]
[BlackElo "2323"]
[WhiteFideId "409561"]
[BlackFideId "408093"]
[EventDate "2017.07.29"]

1. Nf3 d5 2. g3 Nf6 3. Bg2 e6 4. c4 Be7 5. O-O O-O 6. Ne5 c5 7. cxd5 exd5 8. e3
Nc6 9. Nxc6 bxc6 10. Nc3 Ba6 11. d3 Rb8 12. Re1 h6 13. e4 dxe4 14. dxe4 Qxd1 15.
Rxd1 Rfd8 16. Rxd8+ Bxd8 17. Na4 Rb4 18. b3 c4 19. Bd2 Rb8 20. Bf4 Rb5 21. Bf1
Ra5 22. Rd1 Bb6 23. Bd2 Re5 24. Nxb6 axb6 25. f3 Re8 26. Bc3 b5 27. bxc4 bxc4
28. Kf2 Bb5 29. Bb4 Ra8 30. a3 Ne8 31. Rc1 Nc7 32. Bd6 Ne6 33. Bxc4 Bxc4 34.
Rxc4 Ra6 35. a4 c5 36. Be5 f6 37. Bc3 Kf7 38. f4 Nd8 39. a5 Nb7 40. Ke3 Ke6 41.
f5+ Kd6 42. e5+ fxe5 43. Re4 Ra7 44. Rxe5 Nxa5 45. Ke4 Nc4 46. Re6+ Kd7 47. Kd5
Ra4 48. Bxg7 1-0

[Event "104th ch-GBR 2017"]
[Site "Llandudno WLS"]
[Date "2017.07.30"]
[Round "2.3"]
[White "Horton, Andrew P"]
[Black "McShane, Luke J"]
[Result "0-1"]
[WhiteTitle "FM"]
[BlackTitle "GM"]
[WhiteElo "2324"]
[BlackElo "2644"]
[WhiteFideId "424269"]
[BlackFideId "404853"]
[EventDate "2017.07.29"]

1. Nf3 Nf6 2. c4 g6 3. g3 Bg7 4. Bg2 O-O 5. O-O d6 6. Nc3 Nc6 7. Rb1 a6 8. b4 d5
9. cxd5 Nxd5 10. Nxd5 Qxd5 11. Qc2 a5 12. bxa5 Rxa5 13. a3 Rc5 14. Qb3 Qxb3 15.
Rxb3 b6 16. Bb2 Be6 17. Bxg7 Kxg7 18. Rbb1 Na5 19. d4 Rc4 20. Rfc1 Rc8 21. Rxc4
Nxc4 22. a4 Ra8 23. Rb4 c5 24. dxc5 bxc5 25. Ng5 cxb4 26. Bxa8 Nd6 27. Ne4 b3
28. Nc3 b2 29. a5 Nb5 30. Nb1 f5 31. Bc6 Ba2 32. Nd2 Nd4 33. Bb7 b1=Q+ 34. Nxb1
Bxb1 35. a6 Nb5 36. f4 Kf6 37. Kf2 Ke6 38. Bc6 Na7 39. Bb7 Kd6 40. Kf3 Bc2 41.
g4 Bd1 42. g5 Kc5 43. Ke3 Bb3 44. h4 e6 45. Kd3 Bc4+ 46. Ke3 Nc6 47. Bc8 Kd6 48.
Kd2 Kc7 49. e3 Kxc8 0-1

[Event "104th ch-GBR 2017"]
[Site "Llandudno WLS"]
[Date "2017.07.30"]
[Round "2.4"]
[White "Hawkins, Jonathan"]
[Black "Kolbus, Dietmar"]
[Result "1/2-1/2"]
[WhiteTitle "GM"]
[BlackTitle "IM"]
[WhiteElo "2582"]
[BlackElo "2306"]
[WhiteFideId "412686"]
[BlackFideId "4610628"]
[EventDate "2017.07.29"]

1. d4 d5 2. c4 e6 3. Nf3 Nf6 4. Nc3 Be7 5. Bf4 O-O 6. e3 b6 7. Qc2 c5 8. dxc5
bxc5 9. Be2 Bb7 10. O-O Nbd7 11. Rfd1 Qa5 12. Ne5 Nxe5 13. Bxe5 dxc4 14. Bxc4
Rfd8 15. f3 Bc6 16. Qe2 Rxd1+ 17. Rxd1 Rd8 18. e4 Rxd1+ 19. Nxd1 Nd7 20. Bc3 Qc7
21. Bb5 Bb7 22. Nf2 Ne5 23. Qe3 Qb6 24. Be2 Nc6 25. b3 Nb4 26. Qd2 Qc7 27. Qb2
Bf8 28. Bc4 Qd8 29. g3 Qb6 30. Ng4 Ba6 31. Ne3 Bxc4 32. Nxc4 Qa6 33. a3 Nc6 34.
Kf2 Qb7 35. Ke2 Qd7 36. f4 f5 37. Qc2 g6 38. Ne5 Nxe5 39. Bxe5 Qc6 40. Ke3 Qa6
41. Bb2 Qc6 42. Qc4 a6 43. a4 Kf7 44. h4 Qb7 45. exf5 gxf5 46. Qc3 Qe4+ 47. Kf2
Qd5 48. Qf3 Qxf3+ 49. Kxf3 h5 50. Ke3 Ke8 51. Kd3 Kd7 52. Kc4 Kc6 53. Bc3 1/2-1/2

[Event "104th ch-GBR 2017"]
[Site "Llandudno WLS"]
[Date "2017.07.30"]
[Round "2.5"]
[White "Batchelor, Peter J"]
[Black "Pert, Nicholas"]
[Result "1/2-1/2"]
[WhiteTitle "FM"]
[BlackTitle "GM"]
[WhiteElo "2309"]
[BlackElo "2558"]
[WhiteFideId "424854"]
[BlackFideId "403989"]
[EventDate "2017.07.29"]

1. d4 d5 2. c4 c6 3. Nf3 Nf6 4. Nc3 dxc4 5. a4 Bf5 6. e3 e6 7. a5 Bb4 8. Qa4 Qe7
9. Bxc4 Nbd7 10. O-O h6 11. Qb3 O-O 12. Ra4 Bd6 13. Qxb7 Bc2 14. Ra1 Nd5 15.
Bxd5 cxd5 16. Qa6 Rfc8 17. Qe2 Bg6 18. e4 dxe4 19. Nxe4 Rab8 20. Nc3 Rb4 21. Re1
Qf8 22. a6 Nb6 23. Ne5 Bxe5 24. dxe5 Nc4 25. Ra4 Rxa4 26. Nxa4 Qb4 27. Nc3 Qa5
28. h4 Qxa6 29. h5 Bh7 30. b3 Qa5 31. bxc4 Qxc3 32. Bd2 Qd4 33. Rc1 Bf5 34. Qe3
Rxc4 35. Rxc4 Qxc4 36. Qxa7 Qe2 37. Qd4 Qd1+ 38. Kh2 Qxh5+ 39. Kg1 Qe2 40. Qe3
Qd1+ 41. Qe1 Qa4 42. f3 Kh7 43. Kh2 Qd4 44. Qe3 Qh4+ 45. Kg1 g5 46. Be1 Qc4 47.
Bg3 Qb4 48. Kh2 Kg7 49. Qe1 Qxe1 50. Bxe1 h5 51. g3 Kg6 52. f4 Bd3 53. fxg5 Kxg5
54. Bc3 Kg4 55. Kg2 Be4+ 56. Kf2 Bd5 57. Bb2 Kf5 58. Ke3 Bb3 59. Bc3 Bd5 60. Bb2
f6 61. exf6 e5 62. Ba3 Kxf6 63. Bd6 Ke6 64. Bc7 Kf5 65. Bd6 Bc6 66. Bc7 1/2-1/2

[Event "104th ch-GBR 2017"]
[Site "Llandudno WLS"]
[Date "2017.07.30"]
[Round "2.6"]
[White "Adair, James R"]
[Black "Dineley, Richard"]
[Result "1-0"]
[WhiteTitle "IM"]
[WhiteElo "2481"]
[BlackElo "2269"]
[WhiteFideId "406252"]
[BlackFideId "1800680"]
[EventDate "2017.07.29"]

1. e4 c5 2. Nf3 d6 3. d4 cxd4 4. Nxd4 Nf6 5. Nc3 a6 6. Be3 e5 7. Nb3 Be6 8. f3
h5 9. Nd5 Bxd5 10. exd5 Nbd7 11. Qd2 Be7 12. Be2 Qc7 13. Rc1 a5 14. a4 O-O 15.
Bb5 Nb6 16. c4 Nbd7 17. O-O Nc5 18. Nxc5 dxc5 19. Bg5 Rfd8 20. Rce1 Ne8 21. Bxe7
Qxe7 22. Qe3 Nd6 23. Qxe5 Qxe5 24. Rxe5 g6 25. g4 hxg4 26. fxg4 Rac8 27. Re7 Kg7
28. Kg2 g5 29. Re5 Kg6 30. h4 gxh4 31. Kh3 Kg7 32. Rg5+ Kf8 33. Kxh4 Rc7 34. Re1
Rcc8 35. Kh5 f6 36. Rf1 Kf7 37. Kh4 Ne4 38. Rh5 Rh8 39. Bd7 Rcd8 40. Be6+ Kg7
41. Re1 Nd6 42. b3 Rde8 43. Kg3 b6 44. Kf4 Rhf8 45. Reh1 Rh8 46. R1h2 Rxh5 47.
gxh5 Rh8 48. Rg2+ Kf8 49. Rg6 Rxh5 50. Rg8+ Ke7 51. Rg7+ Ke8 52. Rd7 Nxc4 53.
bxc4 Rh4+ 54. Kf5 Rxc4 55. d6 1-0

[Event "104th ch-GBR 2017"]
[Site "Llandudno WLS"]
[Date "2017.07.30"]
[Round "2.7"]
[White "Jackson, James P"]
[Black "Hebden, Mark L"]
[Result "1/2-1/2"]
[WhiteTitle "FM"]
[BlackTitle "GM"]
[WhiteElo "2286"]
[BlackElo "2477"]
[WhiteFideId "416860"]
[BlackFideId "400084"]
[EventDate "2017.07.29"]

1. e4 e5 2. Nf3 Nc6 3. Bb5 a6 4. Ba4 Nf6 5. d3 d6 6. c3 g6 7. h3 b5 8. Bc2 Bg7
9. Be3 O-O 10. O-O d5 11. Nbd2 Re8 12. Re1 h6 13. a4 b4 14. a5 Rb8 15. Ba4 Bd7
16. Qc2 Qc8 17. Nb3 bxc3 18. bxc3 Nd8 19. Nc5 Bxa4 20. Qxa4 Ne6 21. Rab1 Nxc5
22. Bxc5 dxe4 23. dxe4 Qe6 24. Nd2 Nh5 25. Be3 Rxb1 26. Rxb1 Nf4 27. Kf1 Rd8 28.
Qc4 Qd6 29. Nf3 Kh7 30. Ne1 Qe6 31. Qxe6 Nxe6 32. Nc2 Bf8 33. Ke2 f5 34. f3 f4
35. Bf2 Bc5 36. Be1 Kg7 37. Rb7 Rc8 38. Na1 Nd8 39. Rb2 Nc6 40. Bf2 Bxf2 41.
Kxf2 Nxa5 42. Ra2 Nc4 43. Rxa6 Rb8 44. Ra2 Ne3 45. Nc2 Nd1+ 46. Ke1 Nxc3 47. Ra7
Rb1+ 48. Kd2 Nb5 49. Ra6 Rb2 50. Rc6 g5 51. Kc1 Rb3 52. Kd2 h5 53. Re6 Nd6 54.
Re7+ Kf6 55. Rxc7 g4 56. hxg4 hxg4 57. Ne1 Rb2+ 58. Rc2 Nc4+ 59. Ke2 Rxc2+ 60.
Nxc2 g3 61. Kd3 Nb6 62. Kc3 Ke6 63. Kb4 Nd7 64. Kc4 Kd6 65. Na3 Nf8 66. Kb4 Ng6
67. Nc2 Nh8 68. Na3 Nf7 69. Nc2 Kc6 70. Ne1 Ng5 71. Kc4 Kd6 72. Kb4 Ne6 73. Nc2
Nc7 74. Kc4 Na6 75. Na3 Nb8 76. Nb5+ Ke6 77. Kc5 Nd7+ 78. Kc6 Nf8 79. Na3 Ng6
80. Nc2 Ne7+ 81. Kc5 Nc8 82. Ne1 Nd6 83. Kb4 Nb7 84. Nc2 Kd6 85. Na3 Nd8 86. Nc2
Ne6 87. Kc4 Nc5 88. Ne1 Kc6 89. Kb4 Ne6 90. Nc2 Ng5 91. Ne1 Nf7 92. Nd3 Kd6 1/2-1/2

[Event "104th ch-GBR 2017"]
[Site "Llandudno WLS"]
[Date "2017.07.30"]
[Round "2.8"]
[White "Emms, John M"]
[Black "Rudd, Jack"]
[Result "1-0"]
[WhiteTitle "GM"]
[BlackTitle "IM"]
[WhiteElo "2468"]
[BlackElo "2252"]
[WhiteFideId "400254"]
[BlackFideId "405736"]
[EventDate "2017.07.29"]

1. d4 Nf6 2. Nf3 e6 3. c4 c5 4. e3 d5 5. Nc3 a6 6. cxd5 exd5 7. g3 Nc6 8. Bg2
Be6 9. O-O Qc7 10. b3 cxd4 11. Nxd4 Nxd4 12. Qxd4 Bc5 13. Qa4+ Qc6 14. Bb2 O-O
15. Rac1 Qxa4 16. Nxa4 Ba7 17. Nc5 Bxc5 18. Rxc5 Rac8 19. Rfc1 Ne4 20. Rc7 f6
21. f3 Nd6 22. Kf2 Rxc7 23. Rxc7 Rc8 24. Rxc8+ Bxc8 25. Ba3 Nb5 26. Bb4 d4 27.
e4 Be6 28. Ke2 b6 29. Kd3 Kf7 30. f4 a5 31. Be1 g6 32. Bf3 h5 33. Bd1 Bh3 34.
Be2 Bg2 35. Kc4 Na3+ 36. Kd3 Nb5 37. a4 Nc3 38. Bxc3 dxc3 39. Bd1 Ke6 40. Bc2
Kd6 41. h4 Kc5 42. Kxc3 Bf3 43. Bd3 Bd1 44. Bc4 Bf3 45. e5 fxe5 46. fxe5 Bg4 47.
Kd3 Bf5+ 48. Ke3 1-0

[Event "104th ch-GBR 2017"]
[Site "Llandudno WLS"]
[Date "2017.07.30"]
[Round "2.9"]
[White "Claridge-Hansen, William"]
[Black "Zhou, Yang-Fan"]
[Result "1-0"]
[WhiteTitle "FM"]
[BlackTitle "IM"]
[WhiteElo "2267"]
[BlackElo "2468"]
[WhiteFideId "422509"]
[BlackFideId "468584"]
[EventDate "2017.07.29"]

1. c4 Nf6 2. g3 g6 3. Bg2 Bg7 4. Nc3 O-O 5. e4 c5 6. Nge2 Nc6 7. d3 a6 8. h3 Rb8
9. a4 d6 10. Be3 e5 11. O-O Ne8 12. f4 exf4 13. gxf4 Nd4 14. Bf2 Nxe2+ 15. Qxe2
Nc7 16. Qd2 b5 17. axb5 axb5 18. Rab1 b4 19. Ne2 f5 20. e5 Re8 21. exd6 Qxd6 22.
d4 Ba6 23. b3 Bb7 24. d5 Ra8 25. Qc2 Ra3 26. Nc1 Rea8 27. Nd3 Ra2 28. Qd1 R8a5
29. Re1 Bc3 30. Re2 Ra1 31. Kh2 g5 32. Rxa1 Rxa1 33. Qc2 Ra5 34. Nxc5 Bc8 35.
Nd3 gxf4 36. c5 Qf6 37. d6 Ne6 38. c6 f3 39. Bxf3 Ng5 40. Re8+ Kf7 41. Bh5+ Kg7
42. Rxc8 Qxd6+ 43. Bg3 Qe6 44. Rc7+ Kh6 45. Qe2 Qxb3 46. Nc1 Qb2 47. Bf4 Be5 48.
Qxb2 Bxb2 49. Be8 Ra3 50. Kg2 Bxc1 51. Bxc1 Rc3 52. Bxg5+ Kxg5 53. Rb7 b3 54. c7
b2 55. Rxb2 Rxc7 56. Ba4 Kf4 57. Rf2+ Ke5 58. Bc2 Rg7+ 59. Kf3 h5 60. Re2+ Kf6
61. Kf4 Rc7 62. Bxf5 Rc4+ 63. Be4 Rc3 64. Bf3 Rc4+ 65. Kg3 h4+ 66. Kg2 Kg5 67.
Rf2 Rf4 68. Ra2 Rb4 69. Bg4 Rb3 70. Ra5+ Kf4 71. Rf5+ Ke4 72. Rh5 Rb2+ 73. Kf1
Rb1+ 74. Kf2 Rb2+ 75. Be2 Kf4 76. Rxh4+ Kg5 77. Ra4 Rc2 78. h4+ Kh6 79. Ra6+ Kg7
80. h5 Kf7 81. Ke3 Kg7 82. h6+ Kf7 83. Bd3 Rc8 84. Rg6 Rd8 85. Rg7+ Kf6 86. Rg3
Kf7 87. h7 Kf6 88. Rg8 1-0

[Event "104th ch-GBR 2017"]
[Site "Llandudno WLS"]
[Date "2017.07.30"]
[Round "2.10"]
[White "Ghasi, Ameet K"]
[Black "Golding, Alex"]
[Result "1-0"]
[WhiteTitle "IM"]
[WhiteElo "2467"]
[BlackElo "2222"]
[WhiteFideId "409200"]
[BlackFideId "427241"]
[EventDate "2017.07.29"]

1. Nf3 d5 2. g3 c5 3. Bg2 Nc6 4. O-O g6 5. d4 cxd4 6. Nxd4 Bg7 7. Nxc6 bxc6 8.
c4 e6 9. Qa4 Qd7 10. Nc3 Ne7 11. Rd1 Rb8 12. Qa3 Nf5 13. Bf4 e5 14. Bd2 Bb7 15.
e3 Ne7 16. cxd5 cxd5 17. Qxa7 Ra8 18. Qb6 O-O 19. Qb5 Bc6 20. Qd3 Rfb8 21. b3 e4
22. Qe2 Bb5 23. Qe1 Nc6 24. Nxb5 Bxa1 25. a4 Bg7 26. Bc3 Re8 27. Bxg7 Kxg7 28.
Nc3 Qb7 29. Nxd5 Qxb3 30. Nc7 Red8 31. Rb1 Qxa4 32. Nxa8 Rxa8 33. Qc3+ Kg8 34.
Rc1 Rc8 35. Qf6 h5 36. h4 Rc7 37. Ra1 Qc4 38. Ra8+ Nb8 39. Rxb8+ Rc8 40. Rxc8+
Qxc8 41. Bxe4 1-0

[Event "104th ch-GBR 2017"]
[Site "Llandudno WLS"]
[Date "2017.07.30"]
[Round "2.11"]
[White "Toma, Katarzyna"]
[Black "Gormally, Daniel W"]
[Result "0-1"]
[WhiteTitle "WGM"]
[BlackTitle "GM"]
[WhiteElo "2252"]
[BlackElo "2462"]
[WhiteFideId "1119907"]
[BlackFideId "406465"]
[EventDate "2017.07.29"]

1. e4 c5 2. Nc3 d6 3. g3 Nc6 4. Bg2 g6 5. d3 Bg7 6. Be3 Rb8 7. a4 a6 8. Qd2 b5
9. axb5 axb5 10. Nge2 b4 11. Nd1 Nd4 12. O-O b3 13. Bxd4 cxd4 14. c3 dxc3 15.
Ndxc3 Nf6 16. Ra3 O-O 17. Nd4 Bd7 18. Nxb3 Qb6 19. d4 e5 20. d5 Rfc8 21. Qd3 h5
22. h3 h4 23. g4 Nh7 24. Rb1 Ra8 25. Rxa8 Rxa8 26. Nd2 Qd4 27. Bf1 Ng5 28. Kg2
f5 29. Qxd4 exd4 30. Nb5 fxg4 31. hxg4 Be5 32. Be2 h3+ 33. Kg1 d3 34. Bxd3 Bxg4
35. Nf1 Rf8 36. Ng3 h2+ 37. Kg2 Bh3+ 0-1

[Event "104th ch-GBR 2017"]
[Site "Llandudno WLS"]
[Date "2017.07.30"]
[Round "2.12"]
[White "Trent, Lawrence"]
[Black "Storey, Charles H"]
[Result "0-1"]
[WhiteTitle "IM"]
[BlackTitle "FM"]
[WhiteElo "2445"]
[BlackElo "2214"]
[WhiteFideId "408638"]
[BlackFideId "406686"]
[EventDate "2017.07.29"]

1. e4 c6 2. Nc3 d5 3. Qf3 e6 4. d4 Qb6 5. Bd3 Qxd4 6. Nge2 Qb6 7. Be3 Bc5 8. O-O
Bxe3 9. fxe3 Nh6 10. Qg3 O-O 11. Rf6 dxe4 12. Bxe4 Nf5 13. Bxf5 exf5 14. Rd1
Qxb2 15. Rfd6 Na6 16. Qe5 Qb4 17. Nf4 Qc5 18. Ncd5 cxd5 19. Nh5 f6 20. Qg3 Qc7
21. R1xd5 Be6 22. Rd1 Rae8 23. Nf4 Nc5 24. Qe1 Bf7 25. Qc3 b6 26. Qd4 Qe7 0-1

[Event "104th ch-GBR 2017"]
[Site "Llandudno WLS"]
[Date "2017.07.30"]
[Round "2.13"]
[White "Richardson, John R"]
[Black "Williams, Simon K"]
[Result "1/2-1/2"]
[WhiteTitle "FM"]
[BlackTitle "GM"]
[WhiteElo "2237"]
[BlackElo "2442"]
[WhiteFideId "401617"]
[BlackFideId "404454"]
[EventDate "2017.07.29"]

1. Nf3 d5 2. d4 Nc6 3. g3 Bg4 4. Bg2 Qd7 5. O-O Bh3 6. c4 Bxg2 7. Kxg2 e6 8.
cxd5 exd5 9. Nc3 Bb4 10. Qb3 Nge7 11. Ne5 Nxe5 12. dxe5 c5 13. Bg5 Bxc3 14. Qxc3
Rc8 15. e6 fxe6 16. Qxg7 Rg8 17. Qxe7+ Qxe7 18. Bxe7 Kxe7 19. Rfd1 b5 20. f4 b4
21. Rac1 c4 22. Kf3 Rc5 23. e4 Rgc8 24. exd5 exd5 25. Ke3 Kd6 26. Kd4 Ra5 27.
Re1 Rxa2 28. Re5 Rxb2 29. Rxd5+ Ke6 30. Re5+ Kf6 31. Rxc4 1/2-1/2

[Event "104th ch-GBR 2017"]
[Site "Llandudno WLS"]
[Date "2017.07.30"]
[Round "2.14"]
[White "Ward, Chris G"]
[Black "Graham, David B"]
[Result "1-0"]
[WhiteTitle "GM"]
[WhiteElo "2441"]
[BlackElo "2201"]
[WhiteFideId "400203"]
[BlackFideId "408131"]
[EventDate "2017.07.29"]

1. d4 Nf6 2. c4 g6 3. Nc3 Bg7 4. e4 d6 5. Nge2 O-O 6. Ng3 e5 7. d5 a5 8. Be2 Na6
9. h4 h5 10. Bg5 Qe8 11. f3 Bd7 12. Qd2 Nc5 13. Be3 b6 14. Nf1 a4 15. O-O-O a3
16. b3 Qb8 17. Kb1 Qa7 18. Rc1 Rfd8 19. g4 c6 20. Ng3 cxd5 21. Nxd5 Nxd5 22.
cxd5 hxg4 23. fxg4 f5 24. gxf5 gxf5 25. Bxc5 bxc5 26. Nh5 Be8 27. Nxg7 Kxg7 28.
Rcg1+ Kh7 29. Qg5 1-0

[Event "104th ch-GBR 2017"]
[Site "Llandudno WLS"]
[Date "2017.07.30"]
[Round "2.15"]
[White "Merriman, John"]
[Black "Hanley, Craig A"]
[Result "1/2-1/2"]
[BlackTitle "IM"]
[WhiteElo "2221"]
[BlackElo "2441"]
[WhiteFideId "402362"]
[BlackFideId "408514"]
[EventDate "2017.07.29"]

1. d4 Nf6 2. c4 e6 3. Nc3 d5 4. Bg5 Be7 5. e3 h6 6. Bh4 O-O 7. Nf3 b6 8. cxd5
exd5 9. Rc1 Be6 10. Bd3 c5 11. O-O a6 12. Ne5 Nfd7 13. Bxe7 Qxe7 14. f4 Nxe5 15.
dxe5 Nc6 16. e4 Nb4 17. exd5 Nxd5 18. Qf3 Nxc3 19. Rxc3 Rad8 20. Qe2 Rd4 21. f5
Bd5 22. f6 Qd7 23. Bf5 Qa4 24. Rg3 Rf4 25. Rxg7+ Kh8 26. Rh7+ Kg8 27. Rg7+ Kh8 1/2-1/2